000 00844nam a2200229 a 4500
001 000016771
003 DO-SdBNP
005 20250703121522.0
008 100310s2000 dr 000 0 spa d
040 _aDO-SdBNP
_bspa
_cBNPHU
082 _a370.97293
_bR426e
110 1 _aRepública Dominicana.
_bSecretaría de Estado de Educación y Cultura
_918697
245 1 0 _aEstadísticas e indicadores educativos 1998-1999 /.
260 _aSanto Domingo :
_bOficina de Planificación Educativa
_bDe Colores,
_c2000.
490 1 _aGestión Educativa
_v4
500 _aGestión Educativa 1996 - 2000
590 _aInventariado, 2018/ YL
650 4 _aEducación
_zRepública Dominicana
_y1998-1999
_vEstadísticas
_937161
650 0 _aEducación y estado
_zRepública Dominicana
_951256
830 0 _aGestión Educativa
_v4
_919751
942 _2ddc
_cLBS1
999 _c16303
_d16303